000 00661nam a22001931c 4500
001 a987689387
008 180514s2017 gw |||| 000u rus d
020 _a9785824321654
_9978-5-8243-2165-4
041 _arus
245 0 0 _aLenin :
_bk 100-letiju Rossijskoj revoljucii 1917 goda ; katalog istoriko-dokumental'noj vystavki ; vystavočnyj proekt "Lidery sovetskoj epochi"
264 _aMoskva :
_bROSSPEN,
_c2017
300 _a423 Seiten
600 0 _aLenin, Vladimir Il'ič
700 1 _aArtizov, Andrej Nikolaevič
_eHerausgeberIn
700 1 _aSorokin, Andrej Konstantinovič
_eHerausgeberIn
942 _cMG
040 _cRU-10907106
003 RU-10907106
999 _c41047
_d41047